|
|
|
|
| LEADER |
00000nam2a2200000 4500 |
| 001 |
41510 |
| 005 |
20231101210706.0 |
| 035 |
|
|
|a (RuTPU)RU\TPU\book\42636
|
| 090 |
|
|
|a 41510
|
| 100 |
|
|
|a 20020621d1984 m y0rusy50 ca
|
| 101 |
0 |
|
|a rus
|
| 102 |
|
|
|a RU
|
| 105 |
|
|
|a a j 001zy
|
| 200 |
0 |
|
|a Ч. 2: Динамика
|
| 210 |
|
|
|d 1984
|
| 215 |
|
|
|a 422 с.
|c ил.
|
| 320 |
|
|
|a Библиогр.: с. 410.
|
| 320 |
|
|
|a Имен. и предм. указ.: с. 411-415.
|
| 461 |
|
1 |
|0 (RuTPU)RU\TPU\book\42617
|t Курс теоретической механики
|o учебник для вузов
|f А. А. Яблонский, В. М. Никифорова
|v Ч. 2: Динамика
|e 6-е изд., испр.
|d 1984-
|
| 606 |
|
|
|a Механика теоретическая
|2 stltpush
|3 (RuTPU)RU\TPU\subj\59441
|9 76991
|
| 610 |
1 |
|
|a физика
|
| 610 |
1 |
|
|a динамика
|
| 610 |
1 |
|
|a твердые тела
|
| 610 |
1 |
|
|a инерция
|
| 610 |
1 |
|
|a движение
|
| 610 |
1 |
|
|a теоремы
|
| 610 |
1 |
|
|a силовое поле
|
| 610 |
1 |
|
|a удар
|
| 610 |
1 |
|
|a перемещения
|
| 610 |
1 |
|
|a механические системы
|
| 610 |
1 |
|
|a функции Гамильтона
|
| 610 |
1 |
|
|a классическая механика
|
| 610 |
1 |
|
|a вариационные системы
|
| 610 |
1 |
|
|a учебники
|
| 675 |
|
|
|a 531(075.8)
|v 3
|
| 801 |
|
1 |
|a RU
|b 63413507
|c 20020621
|g PSBO
|
| 801 |
|
2 |
|a RU
|b 63413507
|c 20170619
|g PSBO
|
| 942 |
|
|
|c BK
|